| 000 | 00797nam a2200229 i 4500 | ||
|---|---|---|---|
| 001 | 188544 | ||
| 003 | ES-MaACL | ||
| 005 | 20231103211341.0 | ||
| 008 | 181214s1967 sp |||| | spa d | ||
| 100 | 1 |
_aEisenstein, Sergei M. ( _d1898-1948) _946864 |
|
| 245 | 1 | 0 |
_aIván el terrible / _cSerge M. Eisenstein ; [traducción, Ricardo Díaz-Delgado] ; con un prólogo de Arnaldo Olivar. |
| 260 |
_aBarcelona : _bAymá, _c1967. |
||
| 300 |
_a154 p., 14 lám. ; _c19 cm. |
||
| 490 | 1 |
_aVoz imagen. _aCine ; _v19 |
|
| 655 | 7 |
_2tgfbne _9234355 _aGuiones cinematográficos |
|
| 700 | 1 |
_aDíaz-Delgado Estévanez, Ricardo. _944261 |
|
| 700 | 1 |
_aOlivar, Arnau. _986754 |
|
| 830 | 1 |
_aVoz imagen. _aCine ; _v19 _9193071 |
|
| 852 |
_aES-MaACL _jP-155-bis-16 |
||
| 942 | _2udc | ||
| 999 |
_c188544 _d188544 |
||